Offizielle und Regionale Sprachen Europas auf einer Karte - Statistiken

Allgemein
  • Dieses Quiz wurde 70 mal gespielt
  • Das Durchschnittsergebnis liegt bei 39 aus 73
Antworten auf der Karte
Die Antworten werden auf der Karte rot bzw. grün angezeigt, abhängig davon wie oft sie richtig erraten wurden.
 
Antwortstatistiken
Familie L1 L2 Sprache % Korrekt
Romanisch 71 mio 64 mio Französisch
100%
Slawisch 106 mio 54 mio Russisch
100%
Germanisch 97 mio 63 mio Deutsch
98%
Germanisch 63 mio 197 mio Englisch
98%
Germanisch 11 mio 2.1 mio Schwedisch
98%
Romanisch 38 mio 38 mio Spanisch
98%
Slawisch 32 mio - Ukrainisch
98%
Uralisch 5.4 mio - Finnisch
97%
Germanisch 330 k - Isländisch
97%
Germanisch 5.2 mio - Norwegisch
97%
Romanisch 65 mio 17 mio Italienisch
95%
Slawisch 38 mio - Polnisch
95%
Hellenisch 11 mio - Griechisch
94%
Slawisch 5.2 mio - Slowakisch
94%
Slawisch 10 mio - Tschechisch
94%
Turkisch 12 mio - Türkisch
94%
Slawisch 7.8 mio - Bulgarisch
92%
Germanisch 5.5 mio - Dänisch
92%
Romanisch 24 mio 4.0 mio Rumänisch
92%
Slawisch 2.1 mio - Slowenisch
92%
Andere Indo-Germanische 5.8 mio - Albanisch
91%
Slawisch 21 mio - Serbo-Kroatisch
91%
Uralisch 13 mio - Ungarisch
91%
Germanisch 22 mio - Niederländisch
89%
Romanisch 10 mio - Portugiesisch
89%
Baltisch 1.7 mio - Lettisch
88%
Slawisch 1.4 mio - Mazedonisch
86%
Baltisch 3.0 mio - Litauisch
83%
Keltisch 240 k 1.0 mio Irisch
82%
Germanisch 336 k 50 k Luxemburgisch
82%
Keltisch 562 k 188 k Walisisch
80%
Romanisch 4.0 mio 6.0 mio Katalanisch
78%
Uralisch 1.1 mio - Estnisch
75%
Keltisch 57 k - Schottisch-Gällisch
74%
Slawisch 3.3 mio - Belarussisch
69%
Isolierte Sprache 750 k - Baskisch
65%
Romanisch 44 k - Bündnerromanisch
65%
Uralisch 23 k - Samisch
51%
Romanisch 1.3 mio - Sardinisch
51%
Romanisch 2.4 mio - Galizisch
48%
Romanisch 30 k 95 k Korsisch
46%
Semitisch 520 k - Maltesisch
45%
Slawisch 20 k - Sorbisch
43%
Germanisch 66 k - Färöisch
31%
Turkisch 4.3 mio - Tatarisch
28%
Germanisch 3.5 k - Nordfriesisch
26%
Nordwestkaukasisch 1.4 mio - Tschetschenisch
25%
Keltisch 230 2.0 k Manx
22%
Keltisch 557 - Kornisch
20%
Turkisch 480 k - Krimtatarisch
20%
Romanisch 41 k - Ladinisch
20%
Germanisch 470 k - Westfriesisch
20%
Indo-Iranisch 597 k - Ossetisch
18%
Turkisch 140 k - Gagausisch
11%
Slawisch 50 k - Kaschubisch
11%
Uralisch 340 k - Udmurt
11%
Turkisch 1.2 mio - Baschkirisch
9%
Nordwestkaukasisch 300 k - Inguschisch
9%
Slawisch 70 k - Russinisch
9%
Turkisch 1.1 mio - Tschuwaschisch
9%
Turkisch 300 k - Karatschai-Balkarisch
8%
Mongolisch 80 k - Kalmükisch
6%
Uralisch 220 k - Komi
6%
Nordwestkaukasisch 117 k - Adygeisch
3%
Nordwestkaukasisch 530 k - Kabardinisch
3%
Uralisch 500 k - Bergmari/Wiesenmari
2%
Romanisch 1.9 k 900 Jèrriais
2%
Romanisch 15 k - Mirandese
2%
Nordwestkaukasisch 49 k - Abasinisch
0%
Uralisch 120 k - Ersjanisch
0%
Romanisch 200 - Guernésiais
0%
Uralisch 2.0 k - Mokschanisch
0%
Turkisch 87 k - Nogaisch
0%
Keine übereinstimmenden Quizze gefunden
Verteilung der Resultate
Anzahl Personen mit jedem Resultat
Perzentil nach korrekt beantworteten Fragen
Ihre Resultats-Entwicklung
Sie haben dieses Quiz noch nicht gespielt